| 000 | 00930cam a2200229 4500 | ||
|---|---|---|---|
| 001 | ABS66869 | ||
| 008 | 030722n2003 000 0 eng u | ||
| 035 | _a(Sirsi) u123087 | ||
| 100 | _aSimmonds, C. | ||
| 245 | _aBe aware of the homicide bill | ||
| 260 | _c2003 | ||
| 490 |
_aRICS Building Control _v(142) July/August 2003, 14-15(2) |
||
| 520 | _aConsiders how the use of ground probing radar can help prevent accidents as a result of damage to underground services whilst excavating. The Involuntary Homicide Bill, if it becomes law, will make accident prevention vital. "Avoiding danger from underground services", published by the HSE, provides guidance on such works. | ||
| 590 | _aABS | ||
| 650 | _aINVOLUNTARY HOMICIDE BILL | ||
| 650 | _aGROUND PROBING RADAR | ||
| 650 | _aUNDERGROUND SERVICES | ||
| 650 | _aEXCAVATION | ||
| 650 | _aACCIDENTS | ||
| 690 | _aBUILT ENVIRONMENT-BUILDING STANDARDS | ||
| 942 | _n0 | ||
| 999 |
_c73091 _d73091 |
||